Central Library OPAC University of Rajshahi

Internet & World Wide Web : (Record no. 67115)

MARC details
000 -LEADER
fixed length control field 00950nam a2200289 a 4500
001 - CONTROL NUMBER
control field 67115
003 - CONTROL NUMBER IDENTIFIER
rucl marc code BD-RjUL
005 - DATE AND TIME OF LATEST TRANSACTION
control field 20211209081622.0
008 - FIXED-LENGTH DATA ELEMENTS--GENERAL INFORMATION
fixed length control field 170322r20062004ii a b 001 0 eng d
020 ## - INTERNATIONAL STANDARD BOOK NUMBER
International Standard Book Number 8177582399
035 ## - SYSTEM CONTROL NUMBER
System control number (BD-RjUL)67246
040 ## - CATALOGING SOURCE
Original cataloging agency DLC
Transcribing agency DLC
Modifying agency DLC
-- BD-RjUL
Language of cataloging eng
041 ## - LANGUAGE CODE
Language code of text/sound track or separate title eng
082 00 - DEWEY DECIMAL CLASSIFICATION NUMBER
Edition number 23
Classification number 006.76
Author mark and year DEI 2006
100 1# - MAIN ENTRY--PERSONAL NAME
Personal name Deitel, Harvey M.,
Dates associated with a name 1945-
9 (RLIN) 198821
245 10 - TITLE STATEMENT
Title Internet & World Wide Web :
Remainder of title how to program /
Statement of responsibility, etc. H.M. Deitel, P.J. Deitel, A.B. Goldberg.
246 3# - VARYING FORM OF TITLE
Title proper/short title Internet and World Wide Web
250 ## - EDITION STATEMENT
Edition statement 3rd ed.
260 ## - PUBLICATION, DISTRIBUTION, ETC. (IMPRINT)
Place of publication, distribution, etc. Upper Saddle River, N.J. :
Name of publisher, distributor, etc. Pearson Education,
Date of publication, distribution, etc. c2004 [1st impression 2006]
300 ## - PHYSICAL DESCRIPTION
Pagination 1589p., [27] p. :
Illustrations ill.;
Size 23 cm.
504 ## - BIBLIOGRAPHY, ETC. NOTE
Bibliography, etc Includes bibliographical references and index.
650 #0 - SUBJECT ADDED ENTRY--TOPICAL TERM
Topical term or geographic name as entry element Internet programming.
9 (RLIN) 198822
Topical term or geographic name as entry element World Wide Web.
9 (RLIN) 168247
700 1# - ADDED ENTRY--PERSONAL NAME
Personal name Deitel, Paul J.
Personal name Goldberg, A. B.
942 ## - ADDED ENTRY ELEMENTS (KOHA)
Source of classification or shelving scheme Dewey Decimal Classification
Koha item type Books
Holdings
Lost status Source of classification or shelving scheme Damaged status Not for loan Collection code Permanent Location Current Location Shelving location Date acquired Source of acquisition Cost, normal purchase price Total Checkouts Full call number Date last seen Copy number Koha item type
  Dewey Decimal Classification   Not For Loan Non-fiction Central Library, University of Rajshahi Central Library, University of Rajshahi Reading Room 08/06/2008 Dhaka, Paragon enterprise ltd. 599.00   006.76 DEI 2006 22/03/2017 C-1 Books